[Event "Laval op"]
[Site "Laval"]
[Date "2016.06.25"]
[Round "5.5"]
[White "Lepine, Cedric"]
[Black "Turcotte, Jonathan"]
[Result "0-1"]
[WhiteElo "2030"]
[BlackElo "1975"]
[PlyCount "50"]
[EventDate "2016.06.23"]
[EventType "swiss"]
[EventRounds "7"]
[EventCountry "CAN"]
[SourceTitle "EXT 2022"]
[Source "ChessBase"]
[SourceDate "2021.10.06"]
[SourceVersion "1"]
[SourceVersionDate "2021.10.06"]
[SourceQuality "1"]

1. d4 d5 2. Bf4 c5 3. c3 Nc6 4. e3 Nf6 5. Bd3 Qb6 6. Qb3 c4 7. Qxb6 axb6 8. Bc2 b5 9. b4 cxb3 10. Bxb3 Bf5 11. Nd2 Na5 12. Ne2 e6 13. f3 Ba3 14. g4 Bg6 15. g5 Nh5 16. Bc7 Bb2 17. Bxa5 Bxa1 18. Bb4 Bb2 19. e4 dxe4 20. Nxe4 Bxe4 21. fxe4 Ba3 22. Bxa3 Rxa3 23. d5 e5 24. Rf1 g6 25. d6 Rf8 0-1

[Event "Trois-Rivieres Mauricie op"]
[Site "Trois Rivieres"]
[Date "2016.03.18"]
[Round "1"]
[White "Lepine, Cedric"]
[Black "Jia, Zhe"]
[Result "1-0"]
[WhiteElo "2113"]
[BlackElo "1852"]
[PlyCount "61"]
[EventDate "2016.03.18"]
[EventType "swiss"]
[EventRounds "5"]
[EventCountry "CAN"]
[SourceTitle "EXT 2022"]
[Source "ChessBase"]
[SourceDate "2021.10.06"]
[SourceVersion "1"]
[SourceVersionDate "2021.10.06"]
[SourceQuality "1"]

1. d4 d5 2. Nf3 Nf6 3. Bf4 c5 4. e3 Nc6 5. c3 Qb6 6. Qb3 Qxb3 7. axb3 cxd4 8. Nxd4 Nxd4 9. exd4 g6 10. Nd2 Bg7 11. Bd3 Bf5 12. Bxf5 gxf5 13. 0-0 0-0 14. Ra5 a6 15. Rfa1 Rac8 16. b4 Nh5 17. Bg3 Nxg3 18. hxg3 e6 19. b5 axb5 20. Rxb5 Rc7 21. Ra7 Rb8 22. Nb3 Bf8 23. Na5 Kg7 24. Kf1 Kg6 25. Ke2 Kg5 26. Kd3 Kg4 27. Rbxb7 Rcxb7 28. Rxb7 Bd6 29. Rxb8 Bxb8 30. Nc6 Bd6 31. Ne5+ 1-0

[Event "Pere Noel op"]
[Site "Montreal"]
[Date "2015.12.30"]
[Round "5.2"]
[White "Voskanyan, Vahagn"]
[Black "Lepine, Cedric"]
[Result "1-0"]
[WhiteElo "2199"]
[BlackElo "2036"]
[PlyCount "97"]
[EventDate "2015.12.26"]
[EventType "swiss"]
[EventRounds "5"]
[EventCountry "CAN"]
[SourceTitle "EXT 2019"]
[Source "ChessBase"]
[SourceDate "2018.10.10"]
[SourceVersion "1"]
[SourceVersionDate "2018.10.10"]
[SourceQuality "1"]

1. Nf3 Nf6 2. c4 g6 3. g3 Bg7 4. Bg2 0-0 5. Nc3 d6 6. d4 Nbd7 7. 0-0 e5 8. h3 Ne8 9. e4 c6 10. Bg5 f6 11. Be3 Nb6 12. b3 Be6 13. Qd2 Qd7 14. Kh2 Rd8 15. Rfd1 Nc7 16. Rac1 f5 17. Ng5 f4 18. gxf4 exd4 19. Bxd4 Bxd4 20. Qxd4 h6 21. Nxe6 Nxe6 22. Qe3 Qf7 23. f5 gxf5 24. Qxh6 Qf6 25. Qxf6 Rxf6 26. Rd2 Nc8 27. Re1 Nf4 28. Rg1 Kf7 29. exf5 Rxf5 30. Ne4 d5 31. Ng3 Re5 32. Rgd1 Ne7 33. Rd4 Neg6 34. cxd5 cxd5 35. Bf3 Ke6 36. Bg4+ Kd6 37. Nf5+ Kc7 38. Ne3 b5 39. Kg3 Kc6 40. Rxf4 Nxf4 41. Kxf4 Re4+ 42. Kf3 Re5 43. Nc2 Kc5 44. Rd4 a5 45. a3 Kd6 46. b4 Rf8+ 47. Kg3 axb4 48. axb4 Ra8 49. Ne3 1-0

[Event "Montreal Mercredi 11"]
[Site "Montreal"]
[Date "2015.11.18"]
[Round "1"]
[White "Tremblay, Alain"]
[Black "Lepine, Cedric"]
[Result "1-0"]
[WhiteElo "2100"]
[BlackElo "2100"]
[PlyCount "90"]
[EventDate "2015.11.18"]
[EventType "swiss"]
[EventRounds "5"]
[EventCountry "CAN"]
[SourceTitle "EXT 2022"]
[Source "ChessBase"]
[SourceDate "2021.10.06"]
[SourceVersion "1"]
[SourceVersionDate "2021.10.06"]
[SourceQuality "1"]

1. c4 Nf6 2. g3 g6 3. Bg2 Bg7 4. Nf3 0-0 5. Nc3 d6 6. 0-0 Nc6 7. d4 e5 8. d5 Ne7 9. e4 Nd7 10. Bd2 f5 11. Ng5 Nf6 12. Ne6 Bxe6 13. dxe6 c6 14. Qb3 Qc8 15. c5 dxc5 16. Be3 b6 17. Rad1 fxe4 18. Bg5 Kh8 19. Bxf6 Bxf6 20. Nxe4 Nd5 21. Rxd5 cxd5 22. Qxd5 Qd8 23. Nd6 Qc7 24. Nf7+ Kg7 25. Qd2 Rae8 26. Qh6+ Kg8 27. Bd5 Qe7 28. Re1 Rd8 29. Nxd8 Rxd8 30. Bb3 Rd4 31. Qc1 b5 32. Qxc5 Qxc5 33. e7+ Kg7 34. e8Q Qc7 35. Qxb5 Qd6 36. Qb7+ Kh6 37. Qxa7 Rd2 38. Bg8 Rxb2 39. Qxh7+ Kg5 40. Qh4+ Kf5 41. g4+ Kf4 42. g5+ Kf5 43. gxf6 Rb4 44. Qh3+ Rg4+ 45. Kh1 Qd2 1-0

[Event "Montreal Mercredi 10"]
[Site "Montreal"]
[Date "2015.11.04"]
[Round "4"]
[White "Lepine, Cedric"]
[Black "Lopez Linares, Lizandro Fernando"]
[Result "1/2-1/2"]
[WhiteElo "2109"]
[BlackElo "2194"]
[PlyCount "48"]
[EventDate "2015.10.14"]
[EventType "swiss"]
[EventRounds "5"]
[EventCountry "CAN"]
[SourceTitle "EXT 2022"]
[Source "ChessBase"]
[SourceDate "2021.10.06"]
[SourceVersion "1"]
[SourceVersionDate "2021.10.06"]
[SourceQuality "1"]

1. d4 d5 2. c4 c6 3. Nf3 Nf6 4. g3 Bf5 5. Bg2 e6 6. 0-0 Nbd7 7. Nc3 Be7 8. Nd2 0-0 9. e4 dxe4 10. Ndxe4 Qa5 11. Bd2 Qa6 12. Qe2 Nb6 13. b3 Rfd8 14. Be3 Rd7 15. Rfd1 Nxe4 16. Nxe4 Nd5 17. Bd2 Rad8 18. Nc5 Bxc5 19. dxc5 h6 20. Qe1 Nf6 21. Bc3 Kh7 22. Rxd7 Rxd7 23. Bxf6 gxf6 24. Be4 Bxe4 1/2-1/2

[Event "Montreal Mercredi 10"]
[Site "Montreal"]
[Date "2015.10.21"]
[Round "2"]
[White "Lepine, Cedric"]
[Black "Have, Didier"]
[Result "1-0"]
[WhiteElo "2109"]
[BlackElo "2039"]
[PlyCount "103"]
[EventDate "2015.10.14"]
[EventType "swiss"]
[EventRounds "5"]
[EventCountry "CAN"]
[SourceTitle "EXT 2022"]
[Source "ChessBase"]
[SourceDate "2021.10.06"]
[SourceVersion "1"]
[SourceVersionDate "2021.10.06"]
[SourceQuality "1"]

1. d4 d5 2. c4 e6 3. Nf3 c6 4. g3 f5 5. Bg2 Nf6 6. 0-0 Bd6 7. b3 Qe7 8. Bb2 0-0 9. Nbd2 b6 10. Ne5 Bb7 11. Rc1 Nbd7 12. Ndf3 Ne4 13. cxd5 cxd5 14. Nc6 Qf7 15. Nfe5 Nxe5 16. dxe5 Bc5 17. Nd4 f4 18. f3 fxg3 19. fxe4 gxh2+ 20. Kh1 Qg6 21. Qc2 dxe4 22. e3 Rac8 23. Qe2 Bxd4 24. Rxc8 Rxc8 25. Bxd4 h6 26. Bh3 Bd5 27. Kxh2 Qe8 28. Rf2 Rc1 29. Bb2 Rc6 30. Ba3 Qg6 31. Rg2 Qe8 32. Rf2 Qg6 33. Rg2 Qe8 34. Bg4 Qb8 35. Bb2 Qd8 36. Qf2 Rc7 37. Bh5 Qe7 38. Qf4 Kh8 39. Bg6 Rc8 40. Rf2 a5 41. Kh3 Qg5 42. Bd4 Qe7 43. Bxb6 a4 44. b4 Qxb4 45. Qf7 Rg8 46. Bd4 Qb1 47. Kg2 Bxa2 48. Rb2 a3 49. Rxb1 Bxb1 50. Qxe6 a2 51. Qb3 Rd8 52. e6 1-0

[Event "Montreal-ch op"]
[Site "Montreal"]
[Date "2015.09.13"]
[Round "5"]
[White "Song, Guannan Terry"]
[Black "Lepine, Cedric"]
[Result "0-1"]
[WhiteElo "2339"]
[BlackElo "1976"]
[PlyCount "46"]
[EventDate "2015.09.11"]
[EventType "swiss"]
[EventRounds "5"]
[EventCountry "CAN"]
[SourceTitle "EXT 2016"]
[Source "ChessBase"]
[SourceDate "2015.10.08"]
[SourceVersion "1"]
[SourceVersionDate "2015.10.08"]
[SourceQuality "1"]

1. e4 e6 2. d4 d5 3. Nc3 Bb4 4. exd5 exd5 5. Bd3 Ne7 6. Qh5 c5 7. dxc5 d4 8. a3 Qa5 9. axb4 Qxa1 10. Nce2 Nbc6 11. Nf3 Nxb4 12. Bc4 Nxc2+ 13. Kd1 0-0 14. Ng5 Bf5 15. Nf4 Qb1 16. Bxf7+ Kh8 17. Bb3 Nb4 18. Ke2 Nd3 19. Bd2 Nxf4+ 20. Bxf4 Qd3+ 21. Ke1 Qxb3 22. Be5 Nc6 23. g4 Bg6 0-1

[Event "Francophone-ch 3rd"]
[Site "Montreal"]
[Date "2015.07.25"]
[Round "9"]
[White "Rodrigue Lemieux, Shawn"]
[Black "Lepine, Cedric"]
[Result "0-1"]
[WhiteElo "1683"]
[BlackElo "2013"]
[PlyCount "74"]
[EventDate "2015.07.17"]
[EventType "swiss"]
[EventRounds "9"]
[EventCountry "CAN"]
[SourceTitle "EXT 2016"]
[Source "ChessBase"]
[SourceDate "2015.10.08"]
[SourceVersion "1"]
[SourceVersionDate "2015.10.08"]
[SourceQuality "1"]

1. e4 d6 2. d4 g6 3. Nc3 Bg7 4. Nf3 Nf6 5. Bc4 0-0 6. 0-0 Bg4 7. h3 Bxf3 8. Qxf3 Nc6 9. Be3 e5 10. d5 Ne7 11. Rfe1 Ne8 12. Qd1 f5 13. f3 f4 14. Bf2 Qd7 15. Kf1 Nf6 16. Qd3 g5 17. Rad1 h5 18. Ke2 Ng6 19. Kd2 g4 20. hxg4 hxg4 21. Rh1 g3 22. Be1 Kf7 23. Kc1 Rh8 24. Bd2 Nh4 25. Qe2 Rh5 26. Rhg1 Rah8 27. Qf1 a6 28. a4 Ng6 29. b3 Rh2 30. Kb1 Nh4 31. Bc1 Nh7 32. Ba3 Ng5 33. Be2 Nxg2 34. Rxg2 Rxg2 35. Qxg2 Rh2 36. Qf1 Nh3 37. Bxa6 g2 0-1

[Event "Francophone-ch 3rd"]
[Site "Montreal"]
[Date "2015.07.22"]
[Round "6"]
[White "Lepine, Cedric"]
[Black "Studen, Damir"]
[Result "0-1"]
[WhiteElo "2013"]
[BlackElo "2259"]
[PlyCount "80"]
[EventDate "2015.07.17"]
[EventType "swiss"]
[EventRounds "9"]
[EventCountry "CAN"]
[SourceTitle "EXT 2016"]
[Source "ChessBase"]
[SourceDate "2015.10.08"]
[SourceVersion "1"]
[SourceVersionDate "2015.10.08"]
[SourceQuality "1"]

1. Nf3 d5 2. c4 c6 3. g3 g6 4. Bg2 Bg7 5. d4 Nf6 6. 0-0 0-0 7. Nc3 Ne4 8. e3 e6 9. Nd2 Nxd2 10. Bxd2 dxc4 11. Ne2 e5 12. Bc3 exd4 13. Nxd4 Nd7 14. Qe2 Nb6 15. a4 a5 16. Rfd1 Qe7 17. Qe1 Qc5 18. Rdc1 Nd5 19. Bxd5 Qxd5 20. e4 Qc5 21. Nf3 Bxc3 22. Qxc3 Be6 23. b3 b5 24. axb5 cxb5 25. Rxa5 Rxa5 26. Qxa5 Qh5 27. Nd4 cxb3 28. Nxe6 fxe6 29. Qb4 Qe2 30. Qd4 e5 31. Qd5+ Rf7 32. Rc8+ Kg7 33. Qxe5+ Kh6 34. f4 Qg4 35. Rd8 Ra7 36. f5 Qg5 37. h4 Qxd8 38. f6 Qd1+ 39. Kg2 Ra2+ 40. Kh3 Qd7+ 0-1

[Event "Choc des Generations"]
[Site "Montreal"]
[Date "2015.06.28"]
[Round "5"]
[White "Libersan, Thierry"]
[Black "Lepine, Cedric"]
[Result "1/2-1/2"]
[WhiteElo "2124"]
[BlackElo "2069"]
[PlyCount "58"]
[EventDate "2015.06.26"]
[EventType "schev"]
[EventRounds "5"]
[EventCountry "CAN"]
[SourceTitle "EXT 2019"]
[Source "ChessBase"]
[SourceDate "2018.10.10"]
[SourceVersion "1"]
[SourceVersionDate "2018.10.10"]
[SourceQuality "1"]

1. e4 Nf6 2. e5 Nd5 3. c4 Nb6 4. d4 d6 5. Nf3 Nc6 6. exd6 cxd6 7. Nc3 g6 8. d5 Ne5 9. Nxe5 dxe5 10. c5 Nd7 11. Bb5 a6 12. Qa4 Qc7 13. Be3 Bg7 14. d6 exd6 15. Nd5 Qb8 16. Qh4 0-0 17. Bxd7 Bxd7 18. Nb6 Bb5 19. Nxa8 Qxa8 20. cxd6 Qc8 21. a4 Bd3 22. f3 e4 23. Rc1 Qf5 24. Qg5 Qe6 25. Qe7 Qb3 26. d7 Qxb2 27. Bd2 Bf6 28. Qb4 Qe5 29. Rc8 exf3+ 1/2-1/2

[Event "Choc des Generations"]
[Site "Montreal"]
[Date "2015.06.26"]
[Round "1"]
[White "Lepine, Cedric"]
[Black "Bolduc, Steve"]
[Result "0-1"]
[WhiteElo "2069"]
[BlackElo "2188"]
[PlyCount "74"]
[EventDate "2015.06.26"]
[EventType "schev"]
[EventRounds "5"]
[EventCountry "CAN"]
[SourceTitle "EXT 2019"]
[Source "ChessBase"]
[SourceDate "2018.10.10"]
[SourceVersion "1"]
[SourceVersionDate "2018.10.10"]
[SourceQuality "1"]

1. d4 d5 2. Nf3 c6 3. e3 e6 4. Bd3 f5 5. Nbd2 Nf6 6. b3 a5 7. a3 Nbd7 8. Bb2 Bd6 9. 0-0 0-0 10. c4 Ne4 11. Ne5 Nxe5 12. dxe5 Bc7 13. Bxe4 fxe4 14. f3 exf3 15. Rxf3 Bd7 16. Rxf8+ Qxf8 17. Qg4 Qf5 18. Qxf5 exf5 19. Rc1 Be6 20. c5 Re8 21. Nf3 Bf7 22. Bc3 h6 23. h4 Bh5 24. Kf2 Bxf3 25. gxf3 Bxe5 26. Bxa5 f4 27. Bd2 fxe3+ 28. Bxe3 Bg3+ 29. Kxg3 Rxe3 30. Rb1 Rc3 31. b4 Rxa3 32. Kg4 Kf7 33. f4 Kf6 34. h5 Rc3 35. Rb2 Rc1 36. Kf3 Kf5 37. Rb3 Rc4 0-1

[Event "Canadian op U2400"]
[Site "Montreal"]
[Date "2014.07.23"]
[Round "6"]
[White "Lepine, Cedric"]
[Black "Tonakanian, Stephan"]
[Result "1/2-1/2"]
[WhiteElo "2113"]
[BlackElo "1922"]
[PlyCount "55"]
[EventDate "2014.07.19"]
[EventType "swiss"]
[EventRounds "9"]
[EventCountry "CAN"]
[SourceTitle "EXT 2022"]
[Source "ChessBase"]
[SourceDate "2021.10.06"]
[SourceVersion "1"]
[SourceVersionDate "2021.10.06"]
[SourceQuality "1"]

1. d4 Nf6 2. c4 e5 3. d5 Bb4+ 4. Bd2 Bxd2+ 5. Qxd2 d6 6. Nc3 a5 7. e4 Na6 8. f3 0-0 9. 0-0-0 Nc5 10. Nge2 a4 11. g4 Nfd7 12. Ng3 Nb6 13. h4 Bd7 14. Be2 Ra7 15. g5 Qe8 16. h5 f5 17. exf5 Bxf5 18. Nb5 Qb8 19. Nxa7 Qxa7 20. Nxf5 Rxf5 21. Rh4 Nc8 22. f4 e4 23. h6 Ne7 24. Qd4 Rf7 25. Bh5 Nf5 26. Bxf7+ Kxf7 27. g6+ hxg6 28. Qc3 1/2-1/2

[Event "Quebec-ch classe"]
[Site "Montreal"]
[Date "2012.01.19"]
[Round "1"]
[White "Couture, Jonathan"]
[Black "Lepine, Cedric"]
[Result "0-1"]
[WhiteElo "1812"]
[BlackElo "2068"]
[PlyCount "84"]
[EventDate "2012.01.20"]
[EventType "swiss"]
[EventRounds "5"]
[EventCountry "CAN"]
[SourceTitle "EXT 2022"]
[Source "ChessBase"]
[SourceDate "2021.10.06"]
[SourceVersion "1"]
[SourceVersionDate "2021.10.06"]
[SourceQuality "1"]

1. c4 Nf6 2. Nc3 g6 3. e4 d6 4. d4 Bg7 5. f4 0-0 6. Nf3 c5 7. d5 e6 8. Be2 Re8 9. Nd2 exd5 10. cxd5 Na6 11. 0-0 Nc7 12. a4 Rb8 13. Qc2 Nfxd5 14. Nc4 Nxc3 15. bxc3 d5 16. Rd1 Qe7 17. Ne3 d4 18. Nc4 Qxe4 19. Qxe4 Rxe4 20. Bf3 Re7 21. Ne5 f6 22. Nd3 c4 23. Ba3 Re8 24. Bd6 cxd3 25. Bxc7 Ra8 26. cxd4 Re7 27. Ba5 Bf5 28. Bd5+ Kh8 29. Bc4 b6 30. Be1 Rd7 31. Bf2 Rad8 32. Bxd3 Bg4 33. Re1 f5 34. Re5 Bxe5 35. fxe5 Rxd4 36. Bxd4 Rxd4 37. e6 Rxd3 38. Kf2 f4 39. Re1 Re3 40. Rxe3 fxe3+ 41. Kxe3 Bxe6 42. Kd4 Bd7 0-1

[Event "Montreal op 91st"]
[Site "Montreal"]
[Date "2011.09.11"]
[Round "4.9"]
[White "Lepine, Cedric"]
[Black "Robichaud, Louis"]
[Result "1-0"]
[WhiteElo "2050"]
[BlackElo "2114"]
[PlyCount "86"]
[EventDate "2011.09.09"]
[EventType "swiss"]
[EventRounds "5"]
[EventCountry "CAN"]
[SourceTitle "EXT 2022"]
[Source "ChessBase"]
[SourceDate "2021.10.06"]
[SourceVersion "1"]
[SourceVersionDate "2021.10.06"]
[SourceQuality "1"]

1. d4 Nf6 2. c4 g6 3. Nc3 Bg7 4. e4 d6 5. f4 0-0 6. Nf3 c5 7. d5 e6 8. Be2 exd5 9. cxd5 b5 10. Bxb5 Nxe4 11. Nxe4 Qa5+ 12. Kf2 Qxb5 13. Re1 Qb6 14. Kg1 Bb7 15. Be3 Na6 16. a3 Rfe8 17. Bf2 Nc7 18. b4 Rxe4 19. Rxe4 Bxa1 20. Qxa1 Bxd5 21. Re1 Bxf3 22. gxf3 Qc6 23. bxc5 dxc5 24. Kg2 Rd8 25. Qe5 Re8 26. Qxc5 Qxc5 27. Rxe8+ Nxe8 28. Bxc5 a6 29. Kf2 f5 30. Ke3 Kf7 31. Kd4 Ke6 32. Bb4 Kd7 33. Kc5 Kc7 34. Ba5+ Kb7 35. Kd5 Nc7+ 36. Bxc7 Kxc7 37. Kc5 Kb7 38. a4 Kc7 39. a5 h6 40. Kd5 g5 41. fxg5 hxg5 42. h3 Kd7 43. Ke5 Kc6 1-0

[Event "Trois-Rivieres Mauricie op"]
[Site "Trois Rivieres"]
[Date "2011.03.20"]
[Round "4"]
[White "Deschamps, Martin"]
[Black "Lepine, Cedric"]
[Result "1-0"]
[WhiteElo "1855"]
[BlackElo "1945"]
[PlyCount "89"]
[EventDate "2011.03.18"]
[EventType "swiss"]
[EventRounds "5"]
[EventCountry "CAN"]
[SourceTitle "EXT 2022"]
[Source "ChessBase"]
[SourceDate "2021.10.06"]
[SourceVersion "1"]
[SourceVersionDate "2021.10.06"]
[SourceQuality "1"]

1. c4 c5 2. Nc3 g6 3. g3 Bg7 4. Bg2 Nc6 5. Nf3 e6 6. 0-0 Nge7 7. d4 Nxd4 8. Nxd4 cxd4 9. Nb5 Qb6 10. a4 Nc6 11. c5 Qd8 12. Nd6+ Kf8 13. Bf4 g5 14. Bd2 f5 15. e4 dxe3 16. Qh5 Qe7 17. fxe3 Bf6 18. e4 h6 19. exf5 e5 20. Rae1 b6 21. b4 bxc5 22. bxc5 Ba6 23. Rf2 Rb8 24. Bxc6 dxc6 25. Bc3 Rh7 26. Ne4 Re8 27. Qg6 Bh8 28. f6 Qf7 29. Qxf7+ Rxf7 30. Nd6 Rxf6 31. Nxe8 Rxf2 32. Kxf2 Kxe8 33. Bxe5 Bxe5 34. Rxe5+ Kf7 35. Re4 Kf6 36. Re8 Bc4 37. Rh8 Ke5 38. Rxh6 Kd5 39. Rh5 Kxc5 40. Rxg5+ Kb4 41. h4 Kxa4 42. Rg4 Kb3 43. Rxc4 Kxc4 44. h5 a5 45. h6 1-0

[Event "Montreal Oasis op"]
[Site "Montreal"]
[Date "2011.02.26"]
[Round "2"]
[White "Voloaca, Mihnea"]
[Black "Lepine, Cedric"]
[Result "1-0"]
[WhiteElo "2325"]
[BlackElo "1957"]
[PlyCount "73"]
[EventDate "2011.02.25"]
[EventType "swiss"]
[EventRounds "5"]
[EventCountry "CAN"]
[SourceTitle "EXT 2013"]
[Source "ChessBase"]
[SourceDate "2012.11.22"]
[SourceVersion "1"]
[SourceVersionDate "2012.11.22"]
[SourceQuality "1"]

1. d4 Nf6 2. c4 g6 3. Nc3 d5 4. Nf3 Bg7 5. Qb3 c6 6. Bf4 0-0 7. e3 dxc4 8. Bxc4 b5 9. Be2 Be6 10. Qc2 Nbd7 11. 0-0 Nb6 12. Rfd1 Nh5 13. Bg5 f5 14. Ne5 Bxe5 15. dxe5 Qe8 16. Bxh5 gxh5 17. Bh6 Qg6 18. Bxf8 Rxf8 19. Ne2 Qg7 20. Qxc6 Qxe5 21. Qc3 Qxc3 22. Nxc3 b4 23. Nb5 Bd7 24. Nc7 Rf6 25. Na6 Bc6 26. Nxb4 Bb7 27. Rd8+ Kf7 28. Nd3 h4 29. Kf1 h3 30. g3 Be4 31. f3 Bxd3+ 32. Rxd3 e5 33. Rd7+ Kg6 34. Rd8 f4 35. gxf4 exf4 36. e4 h6 37. Rg8+ 1-0

[Event "Quebec-ch Elite"]
[Site "Montreal"]
[Date "2010.10.10"]
[Round "4"]
[White "Lepine, Cedric"]
[Black "Libersan, Thierry"]
[Result "0-1"]
[WhiteElo "1911"]
[BlackElo "2101"]
[PlyCount "88"]
[EventDate "2010.10.08"]
[EventType "swiss"]
[EventRounds "7"]
[EventCountry "CAN"]
[SourceTitle "EXT 2013"]
[Source "ChessBase"]
[SourceDate "2012.11.22"]
[SourceVersion "1"]
[SourceVersionDate "2012.11.22"]
[SourceQuality "1"]

1. d4 Nf6 2. c4 g6 3. Nc3 Bg7 4. e4 d6 5. f4 0-0 6. Nf3 c5 7. d5 e6 8. Bd3 exd5 9. cxd5 Re8 10. 0-0 c4 11. Bc2 Bg4 12. Be3 Nbd7 13. Bd4 a6 14. Re1 b5 15. a3 Qc7 16. h3 Bxf3 17. Qxf3 Rab8 18. Rad1 Re7 19. e5 Rbe8 20. exf6 Rxe1+ 21. Rxe1 Rxe1+ 22. Kf2 Bxf6 23. Kxe1 Bxd4 24. Qe4 Bxc3+ 25. bxc3 Nf6 26. Qd4 Kg7 27. g4 Qc5 28. Qxc5 dxc5 29. d6 Kf8 30. Kd2 a5 31. g5 Nd5 32. f5 b4 33. cxb4 cxb4 34. axb4 axb4 35. f6 Ke8 36. Ba4+ Kd8 37. Bb5 c3+ 38. Kc1 Ne3 39. Ba4 Nc4 40. d7 Nd2 41. Kc2 Nf3 42. h4 Nxh4 43. Bb3 Nf3 44. Bxf7 Kxd7 0-1

[Event "Quebec-ch Elite"]
[Site "Montreal"]
[Date "2010.10.10"]
[Round "5"]
[White "Plante, Michel"]
[Black "Lepine, Cedric"]
[Result "1/2-1/2"]
[WhiteElo "2024"]
[BlackElo "1911"]
[PlyCount "68"]
[EventDate "2010.10.08"]
[EventType "swiss"]
[EventRounds "7"]
[EventCountry "CAN"]
[SourceTitle "EXT 2013"]
[Source "ChessBase"]
[SourceDate "2012.11.22"]
[SourceVersion "1"]
[SourceVersionDate "2012.11.22"]
[SourceQuality "1"]

1. d4 Nf6 2. Nf3 g6 3. Nc3 d5 4. Bf4 Bg7 5. e3 0-0 6. Be2 Bg4 7. Ne5 Bxe2 8. Qxe2 c6 9. h4 Nbd7 10. 0-0-0 Nxe5 11. dxe5 Nd7 12. e4 e6 13. h5 Qc7 14. hxg6 hxg6 15. exd5 exd5 16. Qg4 Nxe5 17. Qh4 f6 18. Qh7+ Kf7 19. Bh6 Rg8 20. Rh4 Nd7 21. Bxg7 Rxg7 22. Qh6 Re8 23. Rdh1 b5 24. b4 a5 25. a3 axb4 26. axb4 Qa7 27. Rf4 Ne5 28. Rfh4 Reg8 29. Qe3 Qa1+ 30. Kd2 Qa3 31. Nxd5 Nc4+ 32. Rxc4 Qxe3+ 33. Nxe3 bxc4 34. Kc3 Rd8 1/2-1/2

[Event "Quebec-ch Elite"]
[Site "Montreal"]
[Date "2010.10.09"]
[Round "2"]
[White "Lepine, Cedric"]
[Black "Hajiyev, Elshad"]
[Result "1-0"]
[WhiteElo "1911"]
[BlackElo "2126"]
[PlyCount "64"]
[EventDate "2010.10.08"]
[EventType "swiss"]
[EventRounds "7"]
[EventCountry "CAN"]
[SourceTitle "EXT 2013"]
[Source "ChessBase"]
[SourceDate "2012.11.22"]
[SourceVersion "1"]
[SourceVersionDate "2012.11.22"]
[SourceQuality "1"]

1. d4 c5 2. d5 Nf6 3. c4 e6 4. Nc3 exd5 5. cxd5 d6 6. e4 g6 7. f4 Bg7 8. e5 dxe5 9. fxe5 Nfd7 10. e6 fxe6 11. dxe6 Qh4+ 12. g3 Bxc3+ 13. bxc3 Qe4+ 14. Qe2 Qxe2+ 15. Bxe2 Nf8 16. e7 Ne6 17. Nf3 Kxe7 18. 0-0 Nc6 19. Bh6 Bd7 20. Ng5 Ncd8 21. Bc4 b5 22. Bd5 Rb8 23. Rae1 Rb6 24. Bg7 Re8 25. Nxh7 Kd6 26. Bxe6 Rxe6 27. Rd1+ Kc6 28. Nf8 Rb7 29. Nxe6 Bxe6 30. Bf8 Nf7 31. Rf6 Ng5 32. h4 Rf7 1-0

[Event "Quebec-ch Elite"]
[Site "Montreal"]
[Date "2010.10.09"]
[Round "3"]
[White "Poulin, Mathieu"]
[Black "Lepine, Cedric"]
[Result "1/2-1/2"]
[WhiteElo "2048"]
[BlackElo "1911"]
[PlyCount "79"]
[EventDate "2010.10.08"]
[EventType "swiss"]
[EventRounds "7"]
[EventCountry "CAN"]
[SourceTitle "EXT 2013"]
[Source "ChessBase"]
[SourceDate "2012.11.22"]
[SourceVersion "1"]
[SourceVersionDate "2012.11.22"]
[SourceQuality "1"]

1. d4 Nf6 2. c4 g6 3. Nc3 d5 4. cxd5 Nxd5 5. e3 Nxc3 6. bxc3 Bg7 7. Bc4 c5 8. Nf3 0-0 9. 0-0 Nc6 10. Ba3 Na5 11. Bd3 cxd4 12. cxd4 Be6 13. Qa4 b6 14. Rfc1 Bd7 15. Bb5 Bxb5 16. Qxb5 Re8 17. h3 a6 18. Qe2 b5 19. Bb4 Nc4 20. Nd2 e5 21. Nxc4 bxc4 22. dxe5 Bxe5 23. Bc3 Qd3 24. Qxd3 cxd3 25. Bxe5 Rxe5 26. Rc3 Rd8 27. Rd1 Ra5 28. a3 Rad5 29. Rd2 f5 30. h4 Kg7 31. f3 Kf6 32. Kf2 R5d6 33. g3 g5 34. e4 gxh4 35. gxh4 f4 36. Rc5 Kf7 37. Rf5+ Rf6 38. Rxf6+ Kxf6 39. Ke1 Ke5 40. Rb2 1/2-1/2